000 00237nam a2200097Ia 4500
001 810828
005 20250826171529.0
008 250824s9999 xx 000 0 und d
245 0 _aŞERMİN
_cTEVFİK FİKRET
260 _bKAYALIPARK YAYINLARI
999 _c810828
_d810828